01693nam a22001457a 4500008004100000020001800041040000900059245004500068260005700113300006400170505124000234650001901474700001901493710003501512230516b ||||| |||| 00| 0 eng d a9788409492398 aCDMR aGuerrer@s c/ Joan Guerrero ... [et al.] aBarcelona : bCatalunya Mirades Solidàries, c2023 a[144] pàgines : bprincipalment fotografies; c22 x 22 cm aHomenatge de diversos fotoperiodistes a en Joan Guerrero. Fotografies de: Emilio Morenatti, Sandra Balsells, Joan Manuel Baliellas, Samuel Aranda, Cèlia Atset, David Airob, Albert García Gallego, Cristina Calderer, Carlos Baglietto, Jordi Borràs, Nuria López Torres, Vicenç Semper, Ricardo García Vilanova, Ximena Borrazas, Pau de la Calle, Marc Sanye, Gala Espín, Francesc Melcion, Albert Bertran, Anna Turbau, Àlex García, Jordi Otix, Victòria Rovira Casanovas, Tino Soriano, Àngel García, Elisenda Pons, Santi Cogolludo, Jordi Play, Roser Vilallonga, Isidre García Puntí, Xavier Bertral, Irene Vilà Capafons, Cristobal Castro, Vanessa Casteleiro, Julio Carbó, Marta Catena, Joan Mateu Parra, Josep Maria Cortina, Lorena Sopena, Manu Mitru, Sergi Rugrand, Eva Parey, Kim Manresa, Albert Masias, Laura Guerrero, Miguel Ángel Troncho, Ferran Nadeu, Susanna Sáez Catllà, Santi Palacios, Gian Carlo Benedetto, Maria d’Oultremont, Agustí Carbonell, David Aparicio Fita, Helena Margarit, Albert Salamé, Jordi Pizarro, Ana Jiménez, Lucas Vallecillos, Josep Maria Oliver, Anna Surinyach, Roberto Palomo, Juan Luis Rod, Marta Pérez, Rey Sotolongo, Gemma Miralda, Joan Sánchez i Joan Guerrero. 0aFotoperiodisme1 aGuerrero, Joan aCatalunya Mirades Solidàries